000 004690000a22001930004500
001 001853
003 MACL
005 20150802151009.0
008 150802b xxu||||| |||| 00| 0 eng d
040 _aMACL
_cMACL
041 _aEnglish
082 _a364.185/BED
100 _aBedi, Kiran
_94126
245 _aWhat Went Wrong?
_cKiran Bedi
260 _aNew Delhi
_c2001
_bUBSPD Publishers,
350 _a175
650 _aSocial Sciences
_94371
942 _k364
_cBK
_2ddc
999 _c13769
_d13769